STN EN 14214/Z1: 2005 (65 6531) [neplatná], Motorové palivá. Metylestery mastných kyselín (MERO) pre naftové motory. Požiadavky a skúšobné metódy. Zmena 1

Bibliographic Details
Format: Book
Language:Slovak
English
PhysicalDescription:2 s. 30 cm
Published: Bratislava Slovenský ústav technickej normalizácie 2005
Subjects:

MARC

LEADER 00000cam a2200000 a 4500
001 vtls009932716
003 SK-MaSNL
005 20260301183339.0
008 090727s2005 xo fru 000 0 slo
015 |a SNBN2016 
020 |c (cen. skup. 3) 
035 |a (SVKBBclas03)vtls000220309 
040 |a SNK  |b slo  |c SNK  |e AACR2 
041 1 |a slo  |h eng 
044 |a xo  |c SK 
046 |a m  |m 20050601 (účin.)  |n [20090901 (zruš.)] 
072 7 |a 662  |x Výbušniny. Palivá  |2 konspekt 
080 |a 662.62/.8  |2 2001 
080 |a (437.6)  |2 2001 
080 |a (4)  |2 2001 
080 |a (083)  |2 2001 
080 |a 006.86  |2 2001 
080 |a 662.75/.76  |2 2001 
084 |a 75.160.20  |2 ICS 
130 0 |a STN 65 6531 (STN EN 14214/Z1) [neplatná]  |9 558500 
245 1 0 |a STN EN 14214/Z1: 2005 (65 6531) [neplatná], Motorové palivá. Metylestery mastných kyselín (MERO) pre naftové motory. Požiadavky a skúšobné metódy. Zmena 1 
246 1 0 |a Motorové palivá 
246 1 0 |a Metylestery mastných kyselín (MERO) pre naftové motory 
260 |a Bratislava  |b Slovenský ústav technickej normalizácie  |c 2005 
300 |a 2 s.  |c 30 cm 
500 |a Norma je nahradená normou STN EN 14214 zo septembra 2009 v celom rozsahu 
540 |a STN vydané na akomkoľvek nosiči sa môžu rozmnožovať a rozširovať iba so súhlasom určenej právnickej osoby  |b SÚTN Bratislava  |c zákon 264/1999 Z. z. 
650 0 7 |a palivá  |2 SNKPH  |9 20464 
650 0 7 |a technické normy a štandardy  |z krajiny Európskej únie  |2 SNKPH  |9 289341 
650 0 7 |a technické normy a štandardy  |z Slovensko  |2 SNKPH  |9 79594 
650 0 7 |a Fuels  |2 SNKPHeng  |9 312928 
650 0 7 |a pohonné hmoty  |2 SNKPH  |9 68693 
650 0 7 |a Propellants  |2 SNKPHeng  |9 322662 
655 7 |a normy  |2 SNKPH  |9 70643 
710 2 |a Slovenský ústav technickej normalizácie  |4 stn  |9 32706 
774 1 8 |t STN EN 14214: 2004  |d Bratislava : Slovenský ústav technickej normalizácie, 2004  |w vtls009828886 
958 |a OP 
999 |c 856641  |d 858571 
952 |a SNK  |b SNK  |y PREZ  |7 0  |p 17A0520089  |o snkSTN EN 14214/Z1  |i snk2006/17317  |8 0  |0 0  |1 0  |4 0  |d 2006-09-05  |l 0  |r 2026-02-24 04:59:40  |w 2026-02-24 
952 |a SNK  |b SNK  |y PREZ  |7 0  |p 17A0520088  |o snkSTN EN 14214/Z1 D1  |i snk2006/17318  |8 0  |0 0  |1 0  |4 0  |d 2006-09-05  |l 0  |r 2026-02-24 04:59:40  |w 2026-02-24